|
|
|
|
| LEADER |
00000naa2a2200000 4500 |
| 001 |
81603 |
| 005 |
20231031095234.0 |
| 035 |
|
|
|a (RuTPU)RU\TPU\book\87712
|
| 090 |
|
|
|a 81603
|
| 100 |
|
|
|a 20050922d2001 k y0rusy50 ca
|
| 101 |
0 |
|
|a rus
|
| 102 |
|
|
|a RU
|
| 200 |
1 |
|
|a Взаимосвязь между процессами в энергосистемах как критерий применяемых решений в релейной защите
|f С. А. Стародубцева
|
| 320 |
|
|
|a Библиогр.: 1 назв.
|
| 463 |
|
0 |
|0 (RuTPU)RU\TPU\book\73091
|t Т. 1
|v С. 93-98.
|d 2001
|p 295 с.
|
| 610 |
1 |
|
|a энергосистемы
|
| 610 |
1 |
|
|a релейная защита
|
| 610 |
1 |
|
|a труды учёных ТПУ
|
| 700 |
|
1 |
|a Стародубцева
|b С. А.
|
| 801 |
|
1 |
|a RU
|b 63413507
|c 20050922
|g PSBO
|
| 942 |
|
|
|c BK
|